000 00592nam a2200193 i 4500
001 150801
003 ES-MaACL
005 20230906203714.0
007 t|
008 071112s1936 sp ||||1| spa d
245 0 0 _aEspaña /
_c[texto R. Leclercq ... [et al.].
260 _aMadrid :
_bPatronato Nacional del Turismo,
_c[1936?]
300 _a127 p. :
_bil. ;
_c19 cm.
500 _aPublicación no venal.
651 4 _aEspaña-
_vGuías turísticas.
_98206
700 1 _aLeclercq, R.
_9163945
710 2 _aPatronato Nacional del Turismo (España)
_96194
852 _aES-MaACL
_j1851-F-1
999 _c150801
_d150801